01156nam a2200301 u 450000100070000000500170000700800410002403500110006504000130007604100080008905000070009710000410010424501450014526000230029030000180031365000330033165000410036465000350040565000340044065000340047465000460050865000320055465000470058670000510063399900190068494200090070395201420071238998420260506082833.0990429s1998 ||||||m| spa  a389984 ccomduadb aspa 4aHF10aMatias Ruiz, Pedro4auteaut929344510aEstudio descriptivo diseno del sistema de control interno en la empresa social del estado Hospital San Rafael Municipio de Yolombo-Antioquia aMedellín,c1998. a131 páginas aYolombó (Antioquia)921125 aHospital San Rafael (Yolombo)926276 aServicios hospitalarios986385 7aControl interno2embne921008 7aRecursos humanos2lemb962771 aAdministración y organización9173166 aAntioquia (Colombia)977506 7aAdministración hospitalaria2dcs913198510aVilla Montoya, Jaris Alberto4auteaut9511358 c112472d112472 cBOOK 00102ddc40708SEMIACTIV2aBSPbBSPd1999-04-29iC461294l0oHF5667 R8-98 e1p61000002337539r2023-04-22 00:00:00t1w2023-04-22yTESIS